Statistics for Austrian Airlines Destinations

Click here to take the quiz!

General Stats

  • This quiz has been taken 142 times
    (102 since last reset)
  • The average score is 70 of 127

Answer Stats

Destination% Correct
London (Heathrow)
94%
Paris (Charles de Gaulle)
92%
Frankfurt
90%
New York (John F. Kennedy)
90%
Rome (Fiumicino)
90%
Stockholm (Arlanda)
90%
Barcelona
89%
Berlin
89%
Milan (Malpensa)
89%
Moscow (Domodedovo)
89%
Oslo
89%
Budapest
87%
Zurich
87%
Amsterdam
86%
Athens
86%
Warsaw (Chopin)
86%
Manchester (UK)
84%
Copenhagen
83%
Munich
83%
Bucharest
81%
Los Angeles
81%
Zagreb
81%
Belgrade
79%
Brussels
79%
Hamburg
79%
Nice
78%
Saint Petersburg (Pulkovo)
78%
Vienna
78%
Chicago (O'Hare)
76%
Naples
76%
Sofia
76%
Tel Aviv
76%
Venice
76%
Innsbruck
75%
Kiev (Boryspil)
75%
Lyon
73%
Palermo
73%
Tokyo (Narita)
73%
Cairo
71%
Cologne/Bonn
71%
Dusseldorf
71%
Krakow
71%
Prague
71%
Stuttgart
71%
Geneva
70%
Graz
70%
Bari
68%
Washington (Dulles)
68%
Beijing (Capital)
67%
Sarajevo
67%
Shanghai (Pudong)
67%
Dubrovnik
65%
Split
63%
Tirana
63%
Vilnius
63%
Ibiza
62%
Montreal (Trudeau)
62%
Thessaloniki
62%
Basel/Mulhouse
60%
Birmingham (UK)
59%
Catania
59%
Malaga
59%
Amman (Queen Alia)
57%
Antalya
57%
Florence
57%
Heraklion
57%
Podgorica
57%
Skopje
57%
Kos
56%
Bologna
54%
Pristina
54%
Bangkok (Suvarnabhumi)
52%
Tenerife (South)
51%
Corfu
49%
Gothenburg
49%
Larnaca
49%
Santorini
49%
Odessa
48%
Newark
46%
Palma de Mallorca
46%
Tehran (Imam Khomeini)
46%
Chisinau
44%
Hurghada
44%
Leipzig/Halle
44%
Reykjavik (Keflavik)
44%
Cagliari
43%
Varna
43%
Zadar
43%
Lviv
41%
Minsk
41%
Rhodes
41%
Yerevan
41%
Zakynthos
41%
Mykonos
40%
Chania
38%
Male
38%
Nuremberg
38%
Menorca
37%
Cancun
35%
Funchal
35%
Olbia
35%
Marrakesh
33%
Hanover
30%
Kosice
29%
Las Palmas
29%
Brindisi
27%
Fuerteventura
27%
Kalamata
27%
Preveza/Kefkada
27%
Cape Town
24%
Lamezia Terme
22%
Sibiu
22%
Skiathos
22%
Erbil
21%
Iasi
21%
Karpathos
21%
Port Louis
19%
Dalaman
17%
Tromso
17%
Volos
16%
Patras
14%
Rostock
11%
Zaporizhzhia
11%
Kephalonia
8%
Kittila
8%
Heringsdorf/Usedom
3%
Kalgenfurt
2%

Score Distribution

Percentile by Number Answered

Percent of People with Each Score

Your Score History

You have not taken this quiz since the last reset